000 00458nam a2200181Ia 4500
005 20240823011556.0
008 240823s9999||||xx |||||||||||||| ||und||
041 _aENGLISH
082 _A620.3 P0
100 _aRamamurti V
245 0 _aMechanical Vibration practice with basic theory
250 _a1st
260 _c2000
_b"Narosa, Newdelhi"
500 _aTRANSFERED
650 _aMechanical Measurement
_bMechanical
942 _cBK
999 _c161942
_d161942